| 000 | 01147cam a2200301 a 4500 | ||
|---|---|---|---|
| 999 |
_c23229 _d23229 |
||
| 001 | 15770988 | ||
| 003 | OSt | ||
| 005 | 20200323095007.0 | ||
| 008 | 090610s2009 enk b 001 0 eng | ||
| 020 | _a9781845117412 | ||
| 035 | _a(OCoLC)ocn262719987 | ||
| 040 |
_aUKM _coclc _dBTCTA _dBWKUK _dBWK _dYDXCP _dDLC |
||
| 041 | 1 |
_aeng _hfre |
|
| 042 | _alccopycat | ||
| 050 | 0 | 0 |
_aBP161.3 _b.M48 2009 |
| 082 | 0 | 4 |
_a297.09 _222 _bMER/I |
| 100 |
_aMeriboute, Zidane _92144 |
||
| 245 | 1 | 0 |
_aIslam's fateful path : _bthe critical choices facing modern Muslims / _cZidane Meriboute ; translated by John King. |
| 260 |
_aLondon ; _aNew York : _bI.B. Tauris ; _aNew York : _bDistributed in the USA exclusively by Palgrave Macmillan, _c2009. |
||
| 300 |
_a246 p. ; _c23 cm. |
||
| 504 | _aIncludes bibliographical references (p. 217-240) and index. | ||
| 546 | _aTranslated from the French. | ||
| 650 | 0 | _aIslam. | |
| 650 | 0 | _aSufism. | |
| 906 |
_a7 _bcbc _ccopycat _d2 _encip _f20 _gy-gencatlg |
||
| 942 |
_2ddc _cBK _h297.09 _iMER/I _k297.09 _mMER/I |
||